[Event "Piaui-ch sf1"]
[Site "Teresina"]
[Date "2022.04.09"]
[Round "3"]
[White "Do Nascimento, Joao Batista"]
[Black "Lima, Jose Pacifico"]
[Result "1-0"]
[WhiteElo "1491"]
[BlackElo "1766"]
[PlyCount "55"]
[EventDate "2022.04.08"]
[EventType "swiss"]
[EventRounds "5"]
[EventCountry "BRA"]
[SourceTitle "EXT 2023"]
[Source "ChessBase"]
[SourceDate "2022.10.05"]
[SourceVersion "1"]
[SourceVersionDate "2022.10.05"]
[SourceQuality "1"]

1. d4 d5 2. Nf3 Nf6 3. Bf4 g6 4. e3 Bg7 5. h3 0-0 6. Be2 c6 7. Nbd2 Nbd7 8. 0-0 Nb6 9. c4 dxc4 10. Nxc4 Nfd5 11. Bh2 Nxc4 12. Bxc4 a6 13. a4 Bf5 14. Qb3 Nb6 15. Bxf7+ Kh8 16. Ng5 h6 17. Ne6 Bxe6 18. Qxe6 Qd5 19. Qxd5 Nxd5 20. Bxg6 Rf6 21. Be4 Re6 22. Bxd5 cxd5 23. Rfc1 Rb6 24. Rab1 Rf8 25. Rc7 Bf6 26. b4 Kg7 27. Rc5 Rd8 28. Bc7 1-0

[Event "Piaui-ch sf1"]
[Site "Teresina"]
[Date "2022.04.08"]
[Round "1"]
[White "Amorim, Gidelson Ferreira"]
[Black "Lima, Jose Pacifico"]
[Result "1-0"]
[WhiteElo "2108"]
[BlackElo "1766"]
[PlyCount "109"]
[EventDate "2022.04.08"]
[EventType "swiss"]
[EventRounds "5"]
[EventCountry "BRA"]
[SourceTitle "EXT 2023"]
[Source "ChessBase"]
[SourceDate "2022.10.05"]
[SourceVersion "1"]
[SourceVersionDate "2022.10.05"]
[SourceQuality "1"]

1. d4 d5 2. c4 c6 3. Nf3 Nf6 4. g3 g6 5. Bg2 Bg7 6. 0-0 0-0 7. Nc3 Nbd7 8. cxd5 cxd5 9. Bf4 a6 10. Rc1 Nb6 11. b3 Bf5 12. h3 Rc8 13. g4 Be6 14. Qd2 Ne4 15. Nxe4 dxe4 16. Ng5 Qxd4 17. Nxe6 fxe6 18. Rxc8 Nxc8 19. Qxd4 Bxd4 20. e3 Bg7 21. Bxe4 e5 22. Bg3 Nd6 23. Bd5+ Kh8 24. Rc1 Bf6 25. Rc7 b5 26. Kg2 b4 27. Ra7 Nb5 28. Rxa6 Nc7 29. Ra5 Nxd5 30. Rxd5 Ra8 31. Rb5 Rxa2 32. Rxb4 Kg7 33. Kf3 h5 34. Ke4 h4 35. g5 hxg3 36. gxf6+ exf6 37. fxg3 Ra5 38. Rb7+ Kh6 39. Kf3 f5 40. h4 Ra1 41. e4 Rf1+ 42. Ke2 Rc1 43. exf5 gxf5 44. Rb5 Rc3 45. Kf2 Rc2+ 46. Kf1 Rc3 47. Kg2 Rc2+ 48. Kh3 Re2 49. b4 Re3 50. Kg2 Kh5 51. Rb8 Rb3 52. b5 Rb2+ 53. Kh3 Rb3 54. b6 f4 55. b7 1-0

[Event "Piaui-ch final"]
[Site "Teresina"]
[Date "2018.01.10"]
[Round "18"]
[White "Amorim, Gidelson Ferreira"]
[Black "Lima, Jose Pacifico"]
[Result "1-0"]
[WhiteElo "2015"]
[BlackElo "1871"]
[PlyCount "43"]
[EventDate "2017.12.28"]
[EventType "tourn"]
[EventRounds "18"]
[EventCountry "BRA"]
[SourceTitle "EXT 2019"]
[Source "ChessBase"]
[SourceDate "2018.10.10"]
[SourceVersion "1"]
[SourceVersionDate "2018.10.10"]
[SourceQuality "1"]

1. e4 e6 2. d4 d5 3. Nd2 dxe4 4. Nxe4 Nd7 5. Nf3 Ngf6 6. Ng3 Bd6 7. Bd3 c5 8. c3 0-0 9. 0-0 b6 10. Qe2 cxd4 11. Nxd4 Nc5 12. Bc2 Ba6 13. Nb5 Nd5 14. Rd1 Qe8 15. Bxh7+ Kh8 16. Rxd5 exd5 17. Qh5 Qe1+ 18. Nf1 Qxf1+ 19. Kxf1 Bxb5+ 20. Kg1 g6 21. Qh6 Rfe8 22. Bxg6+ 1-0

[Event "Luiz Rego Memorial"]
[Site "Teresina"]
[Date "2001.11.17"]
[Round "?"]
[White "Lima, Jose Pacifico"]
[Black "Silva, Agostinho"]
[Result "1/2-1/2"]
[WhiteElo "1846"]
[BlackElo "2163"]
[PlyCount "25"]
[EventDate "2001.11.09"]
[EventType "swiss"]
[EventRounds "7"]
[EventCountry "BRA"]
[SourceTitle "EXT 2003"]
[Source "ChessBase"]
[SourceDate "2002.11.25"]
[SourceVersion "1"]
[SourceVersionDate "2002.11.25"]
[SourceQuality "1"]

1. c4 g6 2. g3 Bg7 3. Bg2 e5 4. Nc3 Ne7 5. e4 Nbc6 6. Nf3 d6 7. d3 0-0 8. Bg5 h6 9. Be3 f5 10. Qd2 Kh7 11. h4 Nd4 12. Nh2 fxe4 13. Bxe4 1/2-1/2